000 00528nam a2200169Ia 4500
008 090201s9999 xx 000 0 und d
010 _aKPL-45558
040 _bमराठी
041 _aमराठी
082 _a9999
_b45558
100 _aजयंत पवार
245 _aवंश पाऊलखुणा
_cजयंत पवार
260 _c2004
_bअभिनव प्रकाशन पुणे
300 _a79
_bमोठा
600 _aवंश पाऊलखुणा
942 _cBOOK
999 _c210473
_d210473